00299nam a2200109Ia 4500008004100000041000800041082002800049100001900077245003900096260004500135300000900180230411s9999 xx 000 0 und d aeng aMS/610.73677/AND/B05039 aAndrews Marcia aMastering Medical Surgical Nursing bSpringhouse CorporationaNew Delhic1997 a724p